Normal view
MARC view
- Keller, Reiner,
Entry Personal Name
001 - CONTROL NUMBER
- control field: 126083
003 - CONTROL NUMBER IDENTIFIER
- control field: NUST
005 - DATE AND TIME OF LATEST TRANSACTION
- control field: 20240925124730.0
008 - FIXED-LENGTH DATA ELEMENTS
- fixed length control field: 240925|| aca||aabn | a|a d
040 ## - CATALOGING SOURCE
- Original cataloging agency: NUST
- Transcribing agency: NUST
100 ## - HEADING--PERSONAL NAME
- Personal name: Keller, Reiner,
- Dates associated with a name: 1962-
670 ## - SOURCE DATA FOUND
- Source citation: Work cat.: (NUST)0: Keller, Reiner, 1962- author., Doing discourse research :
